00487nam a2200085Ia 4500008004100000245003300041300026000074650000900334856005800343170517s9999 xx 000 0 und d 2aA World Unseen: The Revenant aA meditation on the making and meaning of the Oscar-winning film The Revenant, one of 2015's most astounding cinematic achievements, A World Unseen exposes the soul-plunging struggles involved in bringing an epic vision to the screen. It's definitely a... xArt. uhttp://topdocumentaryfilms.com/world-unseen-revenant/